| 000 | 00728nam a2200193 i 4500 | ||
|---|---|---|---|
| 001 | 24374 | ||
| 003 | ES-MaACL | ||
| 005 | 20250603164429.0 | ||
| 007 | t| | ||
| 008 | 021217s1910 sp ||||1| spa d | ||
| 245 | 0 | 0 |
_aAntología de las Cortes de 1820 / _carreglada por Cristóbal de Castro, según encargo del Excmo. Sr. Presidente del Congreso de los Diputados. |
| 260 |
_aMadrid : _b[s.n.], _c1910 ( _fTip. S.A. García) |
||
| 300 |
_aXXIII, 572 p. ; _c26 cm. |
||
| 500 | _aPrecede al tít.: Congreso de los Diputados. | ||
| 651 | 7 |
_aEspaña- _xHistoria- _y1820-1823, Trienio constitucional _2 _9145382 |
|
| 700 | 1 |
_aCastro, Cristóbal de, _d1874-1953 _936843 |
|
| 852 |
_aES-MaACL _jF-30 |
||
| 999 |
_c24374 _d24374 |
||